| 000 | 00852nam a22002777a 4500 | ||
|---|---|---|---|
| 003 | CHAP | ||
| 005 | 20220329140652.0 | ||
| 008 | 971013s1903 r 00010 d | ||
| 010 | _a55710 | ||
| 011 | _a56682 | ||
| 035 | _a60835 | ||
| 040 | _cCHAP | ||
| 082 |
_a346.9726 _bY8 |
||
| 100 |
_aYucatán. Leyes, decretos, etc. _9175438 |
||
| 245 | _aCódigo civil del estado de Yucatán. Edición oficial | ||
| 260 |
_aMérida : _bImprenta de la Lotería del Estado, _c1903 |
||
| 300 | _a580 p. | ||
| 590 |
_aBATCH-UPD _b10 _c20130110 _lUCH01 _h0326 |
||
| 590 |
_aBATCH-UPD _b10 _c20130409 _lUCH01 _h2359 |
||
| 590 |
_aBATCH-UPD _b10 _c20130914 _lUCH01 _h1142 |
||
| 590 |
_aCONVERSION _b10 _c20130109 _lUCH01 _h1330 |
||
| 650 | 1 | 4 |
_aDerecho civil _xYucatán. _931884 |
| 901 | _aBK | ||
| 942 | _cLIBRO | ||
| 949 |
_a346.9726 Y8 _bBC _cBPP _d-130909 _eBPP _i60835 _si |
||
| 999 |
_c55710 _d55710 |
||